000 00287nam a22001337a 4500
008 181106b xxu||||| |||| 00| 0 eng d
020 _a9780465056736
041 _aeng
080 _a101
100 _a23
101 _aFIL
245 _aPhilosophy The Flesh
_cGeo.L
942 _2udc
_cBK
999 _c51919
_d51919